000 00647nam a2200229Ia 4500
003 OSt
005 20220928130545.0
006 a|||||r|||| 00| 0
007 ta
008 220927b |||||||| |||| 00| 0 hin d
024 _a42839
037 _cTextual
040 _aSDCL
_cSDCL
_bhin
041 _2hin
_ahin
082 _aXM8:8, P5
100 _aInstitute of Directors
_9474553
245 0 _aHandbook of international corporategovernance
_b A definitive guide
260 _aLondon
_bKogan Page
_c2005
300 _axxi,506p
_ccm.
942 _hXM8:8, P5
_cTEXL
_2CC
999 _c787124
_d787124